<?xml version="1.0" encoding="UTF-8"?><OAI-PMH xmlns="http://www.openarchives.org/OAI/2.0/" xmlns:xsi="http://www.w3.org/2001/XMLSchema-instance"     xsi:schemaLocation="http://www.openarchives.org/OAI/2.0/ http://www.openarchives.org/OAI/2.0/OAI-PMH.xsd"><responseDate>2026-05-16T19:02:19Z</responseDate><request verb="GetRecord" identifier="oai:regmurcia.com:fintegr.1122" metadataPrefix="marc21">http://oai.regmurcia.com/oai2/oai2.php</request><GetRecord><record><header><identifier>oai:regmurcia.com:fintegr.1122</identifier><datestamp>2026-05-16</datestamp><setSpec>documentos</setSpec></header><metadata><record  xmlns="http://www.loc.gov/MARC21/slim" xmlns:xsi="http://www.w3.org/2001/XMLSchema-instance" xsi:schemaLocation="http://www.loc.gov/MARC21/slim http://www.loc.gov/standards/marcxml/schema/MARC21slim.xsd" type="Bibliographic"><leader>00000nam a2200000   4500</leader><controlfield tag="001" >005074909</controlfield><controlfield tag="003" >1122</controlfield><controlfield tag="004" >A00000000</controlfield><datafield tag="245" ind1=" " ind2=" "><subfield code="a">Carta de privilegio y confirmación de los Reyes Católicos, admistradores perpétuos de la Orden de Santiago,  al concejo de Caravaca, confirmando los privilegios de anteriores maestres.</subfield></datafield><datafield tag="300" ind1=" " ind2=" "><subfield code="c">370 x 270 mm.</subfield></datafield><datafield tag="300" ind1=" " ind2=" "><subfield code="a">6 fol.</subfield></datafield><datafield tag="351" ind1=" " ind2=" "><subfield code="a">Unidad Documental simple</subfield><subfield code="c">Archivo de Caravaca. Array</subfield><subfield code="a">Unidad Documental simple</subfield><subfield code="c">Archivo de Caravaca. Array</subfield></datafield><datafield tag="506" ind1=" " ind2=" "><subfield code="a">Acceso restringido</subfield></datafield><datafield tag="520" ind1=" " ind2=" "><subfield code="a">Los Reyes Católicos cofirman los privilegios que otorgaron maestres anteriores, que a su vez había confirmado Alfonso de Cárdenas:&lt;/br&gt; - 1480-5-3. Ocaña. Confirman el privilegio de Juan García (1354-11-27. Caravaca ) en el que les concede  la mitad del molino que se haga nuevo, la mitad del horno, el medio del montazgo y que no entren ganados en sus tierras contra su voluntad.&lt;/br&gt; -1480-5-4. Ocaña. Confirman un privilegio del infante Enrique de Aragón (1403-3-25. Mérida), que confirma otro de Fernando Osorez, que añade el privilegio de la mitad el batán que se haga nuevo (s.f.);  confirmación general de Fadrique (s.f); carta de  Fadrique para que las tierras sin dueño se repartan entre los vecinos y moradores de Caravaca (1372-9-22. Caravaca). Sentencia de Enrique; infante de Aragón, sobre el juicio de términos entre Caravaca y Cehegín (1413-10-13. Medina el Campo). Confirmación de privilegios y sentencia de Enrique, infante de Aragón,(1440-11-13. Uclés).</subfield></datafield><datafield tag="583" ind1=" " ind2=" "><subfield code="u">http://www.regmurcia.com/servlet/s.Sl?METHOD=VERDOCUMENTO&amp;sit=serv,Carmesi&amp;n=/05/2645/indice.djvu</subfield></datafield><datafield tag="592" ind1=" " ind2=" "><subfield code="a">1494-06-06</subfield></datafield><datafield tag="592" ind1=" " ind2=" "><subfield code="d">1494-06-06 00:00:00</subfield></datafield><datafield tag="651" ind1=" " ind2=" "><subfield code="a">Tordesillas</subfield></datafield><datafield tag="786" ind1=" " ind2=" "><subfield code="o">http://www.regmurcia.com/servlet/s.Sl?METHOD=VERDOCUMENTO&amp;sit=serv,Carmesi&amp;n=/05/2645/indice.djvu</subfield></datafield><datafield tag="856" ind1=" " ind2=" "><subfield code="u">http://www.regmurcia.com/servlet/s.Sl?METHOD=DETALLE&amp;sit=c,373,m,139,serv,Carmesi&amp;id=1122</subfield></datafield></record></metadata></record></GetRecord></OAI-PMH>
